Bird 5 : Passerines II. Clicking 2 - Statistics

General Stats
  • This quiz has been taken 18 times
  • The average score is 36 of 62
Answer Stats
Hint Answer % Correct
Aegithalos caudatus
100%
Certhia familiaris
100%
Cyanistes caeruleus
100%
Lophophanes cristatus
100%
Panurus biarmicus Female
100%
Panurus biarmicus Male
100%
Parus major
100%
Periparus ater
100%
Poecile cinctus
100%
Poecile montanus
100%
Sitta europaea
100%
Calcarius lapponicus Female
50%
Calcarius lapponicus Male
50%
Carduelis chloris Female
50%
Carduelis chloris Male
50%
Carduelis flammea Female
50%
Carduelis flammea Male
50%
Carduelis spinus Female
50%
Carduelis spinus Male
50%
Carpodacus erythrinus Female
50%
Carpodacus erythrinus Male
50%
Corvus corax
50%
Corvus corone
50%
Corvus frugilegus
50%
Corvus monedula
50%
Emberiza citrinella Female
50%
Emberiza citrinella Male
50%
Emberiza hortulana Female
50%
Emberiza hortulana Male
50%
Emberiza rustica Female
50%
Emberiza rustica Male
50%
Emberiza schoeniclus Female
50%
Emberiza schoeniclus Male
50%
Fringilla coelebs Female
50%
Fringilla coelebs Male
50%
Fringilla montifringilla Female
50%
Fringilla montifringilla Male
50%
Garrulus glandarius
50%
Lanius collurio Female
50%
Lanius collurio Male
50%
Lanius excubitor
50%
Loxia curvirostra Female
50%
Loxia curvirostra Male
50%
Loxia leucoptera Female
50%
Loxia leucoptera Male
50%
Loxia pytyopsittacus Female
50%
Nucifraga caryocatactes
50%
Oriolus oriolus Female
50%
Oriolus oriolus Male
50%
Passer domesticus Female
50%
Passer domesticus Male
50%
Passer montanus
50%
Perisoreus infaustus
50%
Pica pica
50%
Pinicola enucleator Female
50%
Pinicola enucleator Male
50%
Plectrophenax nivalis Female
50%
Plectrophenax nivalis Male
50%
Pyrrhula pyrrhula Female
50%
Pyrrhula pyrrhula Male
50%
Sturnus vulgaris
50%
Loxia pytyopsittacus Male
0%
No matching quizzes found
Score Distribution
Percent of People with Each Score
Percentile by Number Answered
Your Score History
You have not taken this quiz